01354pab a2200133 454500008004000000100002600040245011500066260000900181300001500190362001200205520095500217650001501172773003301187180718b2015 xxu||||| |||| 00| 0 eng d aPedersen, Mogens Jin  aActivating the forces of public service motivation: evidence from a low-intensity randomized survey experiment c2015 ap.734-746. aSep-Oct aEmployees with higher public service motivation (PSM) are likely to perform better in public service jobs. However, research on how practitioners may capitalize on this knowledge is sparse. This article expands the understanding of how to activate employee PSM, which is understood as a human resource that is present in the work environment. Using a randomized survey experiment with 528 law students, this article shows how low-intensity treatments may activate PSM and how the effect of PSM activation efforts compares with efforts to activate another, less self-determined type of motivation (relating to the need for feelings of self-importance). The findings are robust and suggest that low-intensity efforts to activate PSM have a positive effect on an individual's behavioral inclinations. However, efforts toward the activation of motivation relating to feelings of self-importance appear to engender an effect of similar size. - Reproduced. aMotivation aPublic Administration Review